[Event "Druzynowe Mistrzostwa Polski Juniorow 2018 - II Liga"]
[Site "Szczyrk"]
[Date "1899-12-30"]
[Round "9.21"]
[White "Karwacki, Piotr"]
[Black "Mirowska, Oliwia"]
[Result "1-0"]
[WhiteTitle "I"]
[BlackTitle "I++"]
[WhiteElo "1828"]
[BlackElo "1429"]

1. e4 c5 2. Nf3 Nc6 3. d4 cxd4 4. Nxd4 Nf6 5. Nc3 d6 6. Bg5 g6 7. Bxf6 exf6 8.
Qd2 a6 9. O-O-O Nxd4 10. Qxd4 Be6 11. Qa4+ b5 12. Qa3 Be7 13. h4 O-O 14. Nd5 Bxd5
15. exd5 f5 16. h5 Qc7 17. Qh3 Bg5+ 18. Kb1 Rae8 19. g4 f4 20. Bd3 Kg7 21. hxg6
hxg6 22. Bxg6 Rh8 23. Bh5 Qc5 24. Qd3 Qb4 25. Bxf7 Kxf7 26. Rh7+ Rxh7 27. Qxh7+
Kf6 28. Qf5+ Kg7 29. Qxg5+ Kf8 30. Qf6+ Kg8 31. Qg6+ Kf8 32. c3 Qe4+ 33. Qxe4
Rxe4 34. Rd4 Re1+ 35. Kc2 Re2+ 36. Rd2 Re4 37. Kd1 Kg7 38. Re2 Rxe2 39. Kxe2 Kf6
40. Kf3 Kg5 41. b4 1-0

[Event "Druzynowe Mistrzostwa Polski Juniorow 2018 - II Liga"]
[Site "Szczyrk"]
[Date "1899-12-30"]
[Round "9.22"]
[White "Bartuzi, Krzysztof"]
[Black "Furgal, Grzegorz"]
[Result "1-0"]
[WhiteTitle "II"]
[BlackTitle "II"]
[WhiteElo "1200"]
[BlackElo "1409"]

1. e4 e6 2. d4 d5 3. Nc3 Nf6 4. e5 Nfd7 5. f4 c5 6. Nf3 Nc6 7. Be3 cxd4 8. Nxd4
Qb6 9. Na4 Qa5+ 10. c3 Bc5 11. Nxc6 bxc6 12. Nxc5 Nxc5 13. b4 Qa3 14. Bxc5 Qxc3+
15. Kf2 Qb2+ 16. Be2 Ba6 17. Re1 Bc4 18. Qc1 Qxc1 19. Rexc1 Bxe2 20. Kxe2 Kd7
21. Bd6 a6 22. Rc3 Rhc8 23. Rac1 Ra7 24. Ra3 Raa8 25. Rc5 Ra7 26. Rca5 Rca8 27.
Bc5 Rc7 28. Rxa6 Rxa6 29. Rxa6 Rc8 30. a4 Rc7 31. a5 Rb7 32. Ra8 Rc7 33. Bd6 Rc8
34. Ra7+ Ke8 35. Re7+ Kd8 36. Rxf7 Ke8 37. Rxg7 1-0

[Event "Druzynowe Mistrzostwa Polski Juniorow 2018 - II Liga"]
[Site "Szczyrk"]
[Date "1899-12-30"]
[Round "9.23"]
[White "Cebula, Alicja"]
[Black "Pedrak, Paulina"]
[Result "1-0"]
[WhiteTitle "I"]
[BlackTitle "I"]
[WhiteElo "1583"]
[BlackElo "1405"]

1. e4 c5 2. Nf3 e6 3. b3 d5 4. exd5 Qxd5 5. Nc3 Qd8 6. Bb5+ Bd7 7. Bxd7+ Nxd7 8.
O-O Ngf6 9. Bb2 Be7 10. Re1 O-O 11. Qe2 Nb6 12. Rad1 Nbd5 13. d4 cxd4 14. Nxd4
Nxc3 15. Bxc3 Qc8 16. Bb2 Bb4 17. Rf1 Nd5 18. c4 Nc3 19. Bxc3 Bxc3 20. Rd3 Bb4
21. Rh3 g6 22. Qe3 h5 23. Qg5 Qd7 24. Nf3 Be7 25. Qh6 Rfd8 26. Rg3 Bd6 27. Rh3
Bf8 28. Qg5 Bg7 29. Ne5 Qd2 30. Nf3 Qxa2 31. Qe7 Qa6 32. Ng5 Rf8 33. Rf3 Rae8
34. Qc7 f5 35. Re1 e5 36. Rd3 Rc8 37. Qd7 Rce8 38. Rd6 Qa5 39. Red1 e4 40. Rxg6
Qe5 41. Ne6 Qxe6 42. Qxg7# 1-0

[Event "Druzynowe Mistrzostwa Polski Juniorow 2018 - II Liga"]
[Site "Szczyrk"]
[Date "1899-12-30"]
[Round "9.24"]
[White "Hals, Emilia"]
[Black "Mroz, Lena"]
[Result "0-1"]
[WhiteTitle "I"]
[BlackTitle "I++"]
[WhiteElo "1243"]
[BlackElo "1566"]

1. e4 c5 2. Nf3 Nc6 3. d4 cxd4 4. Nxd4 Qb6 5. Nb3 Nf6 6. Nc3 e6 7. Be3 Qc7 8. Be2
Be7 9. O-O O-O 10. f4 d6 11. a3 a6 12. f5 b5 13. Qd2 Bb7 14. Bf3 Ne5 15. Qe2 Nc4
16. fxe6 fxe6 17. Nd4 Qd7 18. b4 Rac8 19. Bd2 Ba8 20. Rfc1 Qa7 21. Be3 Nxe3 22.
Qxe3 e5 23. Nce2 exd4 24. Qxd4 Qxd4+ 25. Nxd4 Bxe4 26. Bxe4 Nxe4 27. Re1 d5 28.
Ne6 Rfe8 29. Rad1 Bf6 30. Nf4 d4 31. Nd5 Rxc2 32. Rxd4 Bxd4+ 0-1

[Event "Druzynowe Mistrzostwa Polski Juniorow 2018 - II Liga"]
[Site "Szczyrk"]
[Date "1899-12-30"]
[Round "9.25"]
[White "Sloniewski, Michal"]
[Black "Kukula, Karol"]
[Result "1/2-1/2"]
[WhiteTitle "I"]
[BlackTitle "I"]
[WhiteElo "1806"]
[BlackElo "1741"]

1. f4 c5 2. b3 Nf6 3. Bb2 e6 4. Nf3 Be7 5. e3 d5 6. Bb5+ Bd7 7. Bxd7+ Nbxd7 8.
O-O O-O 9. d3 Ng4 10. Qe2 Bf6 11. Bxf6 Ngxf6 12. Nbd2 Qc7 13. Rae1 Rfd8 14. Qf2
b5 15. Qh4 Rac8 16. g4 d4 17. Ng5 dxe3 18. Rxe3 Nf8 19. Nde4 Nxe4 20. Rxe4 Rd4
21. Rfe1 Rcd8 22. f5 Rxe4 23. Nxe4 exf5 24. gxf5 f6 25. Qg3 Qxg3+ 26. hxg3 Rd5
27. Kg2 a6 28. g4 h5 29. Kg3 hxg4 30. Kxg4 Kf7 31. Rh1 c4 32. dxc4 bxc4 33. bxc4
1/2-1/2

[Event "Druzynowe Mistrzostwa Polski Juniorow 2018 - II Liga"]
[Site "Szczyrk"]
[Date "1899-12-30"]
[Round "9.26"]
[White "Tustanowski, Mateusz"]
[Black "Lendzion, Kamil"]
[Result "1-0"]
[WhiteTitle "I++"]
[BlackTitle "II+"]
[WhiteElo "2078"]
[BlackElo "1663"]

1. e4 c5 2. Nf3 a6 3. c3 d5 4. exd5 Qxd5 5. d4 cxd4 6. cxd4 e6 7. Be2 Nf6 8. Nc3
Qd8 9. Ne5 Nc6 10. Nxc6 bxc6 11. Bg5 Be7 12. Bf3 Nd5 13. Bxe7 Qxe7 14. O-O O-O
15. Na4 Rb8 16. Rc1 Bd7 17. Rc4 Rb4 18. b3 Rfb8 19. Nc5 R8b6 20. a3 Rxc4 21. bxc4
Nf6 22. Qd2 Qd6 23. Qa5 Qb8 24. Nxd7 Nxd7 25. c5 Rb1 26. Qxa6 Rxf1+ 27. Qxf1 Qb7
28. h3 e5 29. Qc4 g6 30. d5 cxd5 31. Bxd5 Qb1+ 32. Kh2 Qf5 33. Bf3 Qf4+ 34. Qxf4
exf4 35. c6 Nb6 36. c7 1-0

[Event "Druzynowe Mistrzostwa Polski Juniorow 2018 - II Liga"]
[Site "Szczyrk"]
[Date "1899-12-30"]
[Round "9.27"]
[White "Zarebska, Lena"]
[Black "Pisarek, Elzbieta"]
[Result "0-1"]
[WhiteTitle "I++"]
[BlackTitle "I"]
[WhiteElo "1817"]
[BlackElo "1498"]

1. e4 e5 2. f4 Nf6 3. Nc3 d5 4. exd5 Nxd5 5. Nxd5 Qxd5 6. d3 Be7 7. Nf3 Bg4 8.
Be2 e4 9. dxe4 Qxe4 10. O-O O-O 11. Bd3 Bc5+ 12. Kh1 Qc6 13. Qe1 Bxf3 14. Rxf3
Re8 15. Qf1 a6 16. Bd2 Nd7 17. Bc3 Nf6 18. Rg3 Rad8 19. Rd1 Qe6 20. Re1 Qb6 21.
Re5 Bd4 22. Bxd4 Qxd4 23. Qe1 Qxb2 24. Rge3 Rxe5 25. fxe5 Nd5 26. Qh4 Re8 27.
Qxh7+ Kf8 28. Qh8+ Ke7 29. Qh4+ Kf8 30. Re1 Qb4 31. Qf2 Qb6 32. Qf3 Nb4 33. Bc4
Re7 34. Qh3 Qh6 35. Qc8+ Re8 36. Qxc7 Re7 37. Qd8+ Re8 38. Qd6+ Qxd6 0-1

[Event "Druzynowe Mistrzostwa Polski Juniorow 2018 - II Liga"]
[Site "Szczyrk"]
[Date "1899-12-30"]
[Round "9.28"]
[White "Pisarek, Jan"]
[Black "Libura, Julianna"]
[Result "1-0"]
[WhiteTitle "II"]
[BlackTitle "I"]
[WhiteElo "1339"]
[BlackElo "1540"]

1. e4 c5 2. Nf3 a6 3. c3 Nf6 4. e5 Nd5 5. d4 cxd4 6. Bc4 Nc7 7. Ng5 e6 8. Qh5 Qe7
9. Ne4 g6 10. Qf3 h6 11. Nd6+ Kd8 12. Nxf7+ Ke8 13. Nxh8 Qg7 14. Qf6 b5 15. Bd3
1-0

[Event "Druzynowe Mistrzostwa Polski Juniorow 2018 - II Liga"]
[Site "Szczyrk"]
[Date "1899-12-30"]
[Round "9.29"]
[White "Przepiora, Anna"]
[Black "Wojcik, Jagoda"]
[Result "1-0"]
[WhiteTitle "I"]
[BlackTitle "I++"]
[WhiteElo "1593"]
[BlackElo "1599"]

1. e4 e5 2. Nf3 Nc6 3. Bb5 Bc5 4. c3 Nf6 5. O-O O-O 6. d4 Bb6 7. Bg5 h6 8. Bh4
d6 9. h3 Bd7 10. Ba4 Re8 11. Bc2 a6 12. Na3 Ba7 13. Nc4 b5 14. Ne3 Na5 15. Nd5
Bc6 16. Nxf6+ gxf6 17. Nh2 Bd7 18. Ng4 Bxg4 19. Qxg4+ Kh8 20. Qh5 Kg7 21. Rad1
Rh8 22. Qf5 Qe7 23. Rd3 Qe6 24. Bxf6+ Qxf6 25. Rg3+ Qg6 26. Rxg6+ fxg6 27. Qd7+
Kg8 28. Qxc7 Nc4 29. Qb7 Nb6 30. Bb3+ 1-0

[Event "Druzynowe Mistrzostwa Polski Juniorow 2018 - II Liga"]
[Site "Szczyrk"]
[Date "1899-12-30"]
[Round "9.30"]
[White "Bialek, Alicja"]
[Black "Sloniewska, Alicja"]
[Result "1-0"]
[WhiteTitle "I"]
[BlackTitle "I"]
[WhiteElo "1308"]
[BlackElo "1409"]

1. d4 f5 2. e4 fxe4 3. Nc3 d5 4. Qh5+ g6 5. Qxd5 Bg7 6. Bc4 e6 7. Qxe4 Qxd4 8.
Qe2 Qe5 9. Be3 Nc6 10. O-O-O Bd7 11. Nf3 Qa5 12. Rxd7 Kxd7 13. Bxe6+ Ke8 14. Bxg8
Kf8 15. Bb3 Bxc3 16. bxc3 h6 17. Qc4 Qf5 18. Bc5+ Kg7 19. Nd4 Nxd4 20. Bxd4+ Kh7
21. Qxc7+ 1-0

[Event "Druzynowe Mistrzostwa Polski Juniorow 2018 - II Liga"]
[Site "Szczyrk"]
[Date "1899-12-30"]
[Round "9.31"]
[White "Burdzicki, Jan"]
[Black "Pniaczek, Marek"]
[Result "0-1"]
[WhiteTitle "II+"]
[BlackTitle "CM"]
[WhiteElo "1613"]
[BlackElo "2082"]

1. c4 e5 2. Nc3 Nf6 3. g3 Bb4 4. Bg2 O-O 5. Nf3 Re8 6. O-O e4 7. Nd4 Nc6 8. Nc2
Bxc3 9. bxc3 d6 10. d3 h6 11. Ne3 b6 12. Nd5 Nxd5 13. cxd5 exd3 14. Qxd3 Ne5 15.
Qc2 a5 16. Be3 Ba6 17. Rfe1 Nd7 18. a4 Rxe3 19. fxe3 Qe7 20. e4 Re8 21. Rad1 Ne5
22. Rd4 Bc8 23. h3 Qg5 24. Kh2 Qh5 25. Qd2 g5 26. Rh1 Ba6 27. Re1 Kg7 28. Kg1
Bc8 29. g4 Qg6 30. Bf3 Rh8 31. Kf2 Qf6 32. Rg1 Ng6 33. Qe3 Nf4 34. Rg3 Ng6 35.
Rd1 Ne5 36. Rh1 Qe7 37. Rg2 Ng6 38. Qd4+ f6 39. Ke1 Re8 40. Rf2 Bd7 41. Rhf1 Rf8
42. Kd2 Ne5 43. Ke1 Qe8 44. Rh1 Bxa4 45. h4 Qb5 46. Rfh2 Rh8 47. hxg5 fxg5 48.
Qe3 Qe8 49. Kf2 Bd7 50. Kg3 Bc8 51. Qd4 Kg6 52. Rf2 Qd7 53. Rg1 Rf8 54. Kh2 Rf4
55. Qd1 Qf7 56. Qf1 Nxg4+ 57. Bxg4 Rxf2+ 58. Qxf2 Qxf2+ 59. Rg2 Qh4+ 60. Kg1 Bxg4
0-1

[Event "Druzynowe Mistrzostwa Polski Juniorow 2018 - II Liga"]
[Site "Szczyrk"]
[Date "1899-12-30"]
[Round "9.32"]
[White "Musial, Tomasz"]
[Black "Gworys, Grzegorz"]
[Result "1-0"]
[WhiteTitle "k"]
[BlackTitle "II"]
[WhiteElo "2029"]
[BlackElo "1534"]

1. Nf3 Nf6 2. g3 g6 3. b3 Bg7 4. Bb2 d5 5. c4 c6 6. Bg2 O-O 7. O-O Be6 8. d3 Qb6
9. Qc2 Nbd7 10. Ng5 h6 11. Nxe6 fxe6 12. d4 Kh7 13. Nd2 Qc7 14. e4 Rac8 15. e5
Nh5 16. Bf3 Rxf3 17. Nxf3 c5 18. Nh4 Nf8 19. f4 Bh8 20. cxd5 cxd4 21. Qxc7 Rxc7
22. Bxd4 g5 23. fxg5 hxg5 24. Rxf8 gxh4 25. d6 1-0

[Event "Druzynowe Mistrzostwa Polski Juniorow 2018 - II Liga"]
[Site "Szczyrk"]
[Date "1899-12-30"]
[Round "9.33"]
[White "Burdzicki, Stanislaw"]
[Black "Wilk, Igor"]
[Result "1/2-1/2"]
[WhiteTitle "II+"]
[BlackTitle "I"]
[WhiteElo "1623"]
[BlackElo "1560"]

1. d4 e6 2. c4 d5 3. Nc3 Nf6 4. cxd5 exd5 5. Bg5 Be7 6. e3 c6 7. Qc2 O-O 8. Bd3
Nbd7 9. Nf3 Re8 10. O-O Nf8 11. Rab1 g6 12. b4 a6 13. a4 b5 14. Ne5 Bb7 15. Ne2
Rc8 16. Qb2 Nh5 17. Bxe7 Qxe7 18. Rfc1 f6 19. Nf3 Nd7 20. a5 Rc7 21. Qc3 Bc8 22.
Nd2 Ng7 23. Nf4 Ne6 24. Nxe6 Qxe6 25. Nb3 Qe7 26. g3 f5 27. Nc5 Nxc5 28. Qxc5
Qxc5 29. Rxc5 Bb7 30. Rbc1 Rce7 31. h4 Kg7 32. Kg2 Kf6 33. Rh1 h6 34. Rcc1 Re6
35. Rh2 R6e7 36. Rhh1 Re6 37. Rh2 R6e7 38. Rhh1 1/2-1/2

[Event "Druzynowe Mistrzostwa Polski Juniorow 2018 - II Liga"]
[Site "Szczyrk"]
[Date "1899-12-30"]
[Round "9.34"]
[White "Straczek, Wiktoria"]
[Black "Kaliszuk, Kamil"]
[Result "0-1"]
[WhiteTitle "II+"]
[BlackTitle "II"]
[WhiteElo "1240"]
[BlackElo "1457"]

1. e4 g6 2. f4 Bg7 3. Nf3 d6 4. Nc3 Nc6 5. Bb5 Bd7 6. Bxc6 Bxc6 7. d3 Nf6 8. O-O
O-O 9. Qe1 e6 10. f5 exf5 11. exf5 h6 12. fxg6 fxg6 13. Qg3 Kh7 14. Qh3 Bxf3 15.
Rxf3 Qd7 16. Qh4 Qg4 17. Qf2 Nd7 18. Rf4 Rxf4 19. Qxf4 Bd4+ 20. Kh1 Qxf4 21. Bxf4
Rf8 22. Bd2 Ne5 23. h3 a6 24. Rb1 c6 25. Ne2 Rf2 26. Nxd4 Rxd2 27. Rc1 c5 28.
Nb3 Re2 29. a4 Nc6 30. Kg1 Nb4 31. Na1 Kg7 32. Kf1 Rd2 33. Re1 Kf6 34. Re2 Rd1+
35. Re1 Rxe1+ 36. Kxe1 Ke5 37. Kf2 b6 38. Ke3 g5 39. c3 Nd5+ 40. Kf3 Nf4 41. Nc2
Nxd3 42. b3 h5 43. Ke3 Nf4 44. Kf3 d5 45. g3 Nxh3 46. Kg2 g4 47. Kf1 Ng5 48. Ke2
Ne4 49. Kf1 Nxg3+ 50. Kg2 Ne4 51. Ne3 Nxc3 52. Kf1 Kf4 53. Ng2+ Ke4 54. Nh4 d4
55. Ke1 d3 56. Kd2 Nb1+ 57. Kc1 d2+ 58. Kd1 Kd3 59. a5 Nc3# 0-1

[Event "Druzynowe Mistrzostwa Polski Juniorow 2018 - II Liga"]
[Site "Szczyrk"]
[Date "1899-12-30"]
[Round "9.35"]
[White "Orlik, Sandra"]
[Black "Pyzio, Amelia"]
[Result "1/2-1/2"]
[WhiteTitle "I++"]
[BlackTitle "I++"]
[WhiteElo "1683"]
[BlackElo "1679"]

1. e4 e5 2. Nf3 Nc6 3. Nc3 Nf6 4. d4 exd4 5. Nxd4 Bb4 6. Nxc6 bxc6 7. Bd3 d5 8.
exd5 cxd5 9. O-O O-O 10. Bg5 c6 11. Qf3 Bd6 12. Rfe1 Rb8 13. Na4 h6 14. Bxf6 Qxf6
15. Qxf6 gxf6 16. b3 Be6 17. Rad1 Rfe8 18. c3 a5 19. g3 Bg4 20. Rc1 Ba3 21. Rb1
Kf8 22. Kg2 Re5 23. f4 Ree8 24. f5 Rxe1 25. Rxe1 Re8 26. Rxe8+ Kxe8 27. h3 Bd1
28. c4 dxc4 29. Bxc4 Bc2 30. g4 Be4+ 31. Kf1 Ke7 32. Nc3 Bf3 33. Kf2 Bh1 34. Kg1
Bf3 35. Kf2 Bh1 36. Kg1 Bf3 37. Kf2 1/2-1/2

[Event "Druzynowe Mistrzostwa Polski Juniorow 2018 - II Liga"]
[Site "Szczyrk"]
[Date "1899-12-30"]
[Round "9.36"]
[White "Mucha, Marta"]
[Black "Bienek, Magdalena"]
[Result "1-0"]
[WhiteTitle "I+"]
[BlackTitle "II"]
[WhiteElo "1432"]
[BlackElo "1149"]

1. e4 c5 2. Nc3 Nc6 3. f4 d6 4. Nf3 e6 5. Bb5 Qc7 6. d3 a6 7. Bxc6+ Qxc6 8. O-O
Ne7 9. Bd2 Ng6 10. Qe1 Be7 11. Qf2 f5 12. exf5 exf5 13. Rae1 O-O 14. h4 h5 15.
Re2 b5 16. Qg3 Kh7 17. Ng5+ Kh6 18. Rfe1 Bf6 19. Nd1 Ra7 20. Bc3 d5 21. Bxf6 Rxf6
22. Nf3 Nf8 23. Ne5 Qc7 24. Ne3 Be6 25. Nf1 Nd7 26. Qg5+ Kh7 27. Nxd7 Qxd7 28.
Rxe6 Rxe6 29. Qxh5+ Rh6 30. Qg5 Rg6 31. Qh5+ Rh6 32. Qf3 Rxh4 33. Ng3 Qf7 34.
Re5 g6 35. Rxd5 Qc7 36. Re5 g5 37. Nxf5 Rxf4 38. Qh5+ Kg8 39. Re8# 1-0

[Event "Druzynowe Mistrzostwa Polski Juniorow 2018 - II Liga"]
[Site "Szczyrk"]
[Date "1899-12-30"]
[Round "9.37"]
[White "Kawalko, Adam"]
[Black "Kulesza, Andrzej"]
[Result "0-1"]
[WhiteTitle "I"]
[BlackTitle "I"]
[WhiteElo "1751"]
[BlackElo "1918"]

1. e4 c5 2. Nf3 d6 3. d4 cxd4 4. Nxd4 Nf6 5. Nc3 a6 6. Be3 e5 7. Nb3 Be7 8. f3
Be6 9. Qd2 O-O 10. O-O-O a5 11. a4 Nbd7 12. g4 Nb6 13. h4 Nfd7 14. g5 f5 15. exf5
Bxf5 16. Bh3 Kh8 17. Bxb6 Nxb6 18. Bxf5 Rxf5 19. Nd5 Nxd5 20. Qxd5 Qc7 21. Rd3
Rf4 22. Kb1 Rxa4 23. Nd2 Rb4 24. Ne4 Qb6 25. Rb3 Rxb3 26. cxb3 Qc6 27. Nc3 Rf8
28. Qxa5 Qxf3 29. Re1 Qd3+ 30. Ka2 Qa6 31. Qxa6 bxa6 32. Nd5 Bd8 33. Rc1 h6 34.
gxh6 gxh6 35. h5 Bg5 36. Rc6 a5 37. Rxd6 Rf2 38. Re6 Bc1 39. Rxe5 Rxb2+ 40. Ka1
Rxb3 41. Ne7 a4 42. Ra5 a3 43. Ra8+ Kg7 44. Nf5+ Kf6 45. Nd4 Rd3 46. Nc2 Kg5 47.
Ra5+ Kg4 48. Nb4 Rd1 49. Ka2 Rh1 50. Nc2 Rxh5 51. Ra4+ Kg3 52. Nxa3 Bxa3 53. Rxa3+
Kg2 54. Kb2 Rc5 55. Ra8 h5 56. Rg8+ Kh3 57. Rg7 h4 58. Rh7 Kg3 59. Rg7+ Kh2 60.
Rg4 h3 61. Rg8 Kh1 62. Rg3 h2 63. Rg8 Rf5 64. Kc2 Rf1 65. Kd2 Rg1 66. Rf8 Kg2
67. Rg8+ Kf3 0-1

[Event "Druzynowe Mistrzostwa Polski Juniorow 2018 - II Liga"]
[Site "Szczyrk"]
[Date "1899-12-30"]
[Round "9.38"]
[White "Urbanski, Wojciech"]
[Black "Dytman, Radoslaw"]
[Result "1/2-1/2"]
[WhiteTitle "II"]
[BlackTitle "I"]
[WhiteElo "1560"]
[BlackElo "1728"]

1. e4 e5 2. Nf3 Nc6 3. Bb5 a6 4. Ba4 Nf6 5. d3 b5 6. Bb3 Bc5 7. Nc3 d6 8. Nd5 Be6
9. Bg5 h6 10. Bh4 Na5 11. Nxf6+ gxf6 12. Bxe6 fxe6 13. c3 Nc6 14. O-O d5 15. exd5
exd5 16. Nxe5 Nxe5 17. d4 Be7 18. dxe5 fxe5 19. Qh5+ Kd7 20. Bg3 Bd6 21. Bxe5
Bxe5 22. Qxe5 Qg5 23. Rae1 Rae8 24. Qxg5 hxg5 25. f3 Kd6 26. Rxe8 Rxe8 27. Kf2
Kc5 28. Re1 Rg8 29. Re6 a5 30. Rf6 b4 31. Rf7 c6 32. Ke2 Kc4 33. Rc7 Rg6 34. Kd2
bxc3+ 35. bxc3 c5 36. Ra7 Rb6 37. Kc2 1/2-1/2

[Event "Druzynowe Mistrzostwa Polski Juniorow 2018 - II Liga"]
[Site "Szczyrk"]
[Date "1899-12-30"]
[Round "9.39"]
[White "Topola, Rafal"]
[Black "Paprocki, Antoni"]
[Result "0-1"]
[WhiteTitle "I"]
[BlackTitle "I"]
[WhiteElo "1570"]
[BlackElo "1792"]

1. e4 c5 2. Nf3 d6 3. d4 cxd4 4. Nxd4 Nf6 5. Nc3 a6 6. Be3 e5 7. Nf3 Qc7 8. a4
Be7 9. a5 Nbd7 10. Nd2 O-O 11. Bc4 Nc5 12. Nd5 Nxd5 13. Bxd5 Be6 14. O-O Bxd5
15. exd5 Rac8 16. Qe2 f5 17. f4 Nd7 18. c4 g6 19. fxe5 dxe5 20. Ra4 Nc5 21. Raa1
e4 22. Bd4 Bd6 23. g3 Nd3 24. b3 Bc5 25. Qe3 Bxd4 26. Qxd4 Qd6 27. Nf3 Nb4 28.
Qe5 Qc5+ 29. Qd4 exf3 30. Qxc5 Rxc5 31. Ra4 Nc2 32. Rxf3 f4 33. gxf4 Nd4 34. Re3
Rxf4 35. d6 Rg5+ 36. Rg3 Ne2+ 37. Kg2 Nxg3 38. hxg3 Rd4 39. Rb4 Rxd6 40. Rxb7
Rxa5 41. Rb8+ Kg7 42. Rb7+ Kh6 43. b4 Ra3 44. c5 Rc6 45. Kf2 a5 46. Rb6 Rc7 0-1

[Event "Druzynowe Mistrzostwa Polski Juniorow 2018 - II Liga"]
[Site "Szczyrk"]
[Date "1899-12-30"]
[Round "9.40"]
[White "Jakubiec, Maurycy"]
[Black "Nowak, Filip"]
[Result "0-1"]
[WhiteTitle "IV"]
[BlackTitle "II+"]
[WhiteElo "1000"]
[BlackElo "1595"]

1. e4 c5 2. Nf3 e6 3. d4 cxd4 4. Nxd4 Nf6 5. Nc3 d6 6. f3 a6 7. Bd3 b5 8. a3 Be7
9. Be3 Bb7 10. Qd2 Nbd7 11. O-O-O Rc8 12. g4 Nb6 13. h4 Nfd7 14. g5 Ne5 15. f4
Nec4 16. Bxc4 Nxc4 17. Qd3 Nxe3 18. Qxe3 Rc4 19. Rhe1 O-O 20. h5 e5 21. Nf3 exf4
22. Qxf4 d5 23. Nxd5 Bxd5 24. Rxd5 Qxd5 25. exd5 Rxf4 26. Rxe7 Rxf3 27. b3 Rd8
28. Kb2 Kf8 29. Ra7 Rxd5 30. Rxa6 Rxg5 31. Ra8+ Ke7 32. Ra7+ Kd6 33. Ra6+ Kc7
34. a4 bxa4 35. Rxa4 Rxh5 36. c4 Rh2+ 37. Ka3 Rhh3 38. Rb4 h5 39. Rb5 Rxb3+ 40.
Rxb3 Rxb3+ 41. Kxb3 0-1

[Event "Druzynowe Mistrzostwa Polski Juniorow 2018 - II Liga"]
[Site "Szczyrk"]
[Date "1899-12-30"]
[Round "9.41"]
[White "Krzyzosiak, Anna"]
[Black "Mysliwiec, Natalia"]
[Result "1-0"]
[WhiteTitle "I+"]
[BlackTitle "I"]
[WhiteElo "1552"]
[BlackElo "1377"]

1. e4 d5 2. exd5 Qxd5 3. Nc3 Qd6 4. d4 Nf6 5. Nf3 a6 6. Bc4 b5 7. Bb3 Bb7 8. h3
e6 9. Be3 Be7 10. O-O Nbd7 11. Qe2 O-O 12. Rad1 c6 13. Qd2 Qc7 14. Rfe1 Rfd8 15.
Bf4 Qb6 16. Ng5 Nf8 17. Qe3 Nd5 18. Nxd5 cxd5 19. Qg3 Rdc8 20. h4 h6 21. Nf3 Ng6
22. Bxh6 gxh6 23. h5 Kh7 24. hxg6+ fxg6 25. Qh3 Qd8 26. Qxe6 Rc7 27. Qf7+ Kh8
28. Ne5 Rc6 29. Nxc6 Bxc6 30. Rxe7 Qg8 31. Qf6+ Qg7 32. Qxg7# 1-0

[Event "Druzynowe Mistrzostwa Polski Juniorow 2018 - II Liga"]
[Site "Szczyrk"]
[Date "1899-12-30"]
[Round "9.42"]
[White "Pudelko, Magdalena"]
[Black "Krzyzosiak, Marta"]
[Result "0-1"]
[WhiteTitle "I"]
[BlackTitle "I"]
[WhiteElo "1358"]
[BlackElo "1579"]

1. e4 c5 2. Nf3 d6 3. d4 cxd4 4. Nxd4 Nf6 5. Nc3 a6 6. Bg5 e6 7. f4 Be7 8. Qf3
Nbd7 9. O-O-O Qc7 10. g4 b5 11. f5 Ne5 12. Qe2 b4 13. Bxf6 Bxf6 14. Nb1 Bd7 15.
h4 h6 16. a3 a5 17. Nb5 Bxb5 18. Qxb5+ Ke7 19. Qe2 Rhc8 20. Rd2 Rab8 21. Bg2 Nc4
22. Bf1 Bxb2+ 23. Kd1 Nxd2 24. Qxd2 bxa3 25. Nxa3 Bxa3 26. g5 Rb1+ 27. Ke2 Qxc2
28. Qxc2 Rxc2+ 29. Ke3 Rb3+ 30. Bd3 Bc5+ 31. Kf3 Rxd3+ 32. Kg4 Rg2+ 33. Kh5 hxg5
34. hxg5 a4 35. f6+ gxf6 36. gxf6+ Kxf6 37. e5+ dxe5 38. Rf1+ Ke7 39. Rh1 Rd8
40. Kh6 Rh8# 0-1

[Event "Druzynowe Mistrzostwa Polski Juniorow 2018 - II Liga"]
[Site "Szczyrk"]
[Date "1899-12-30"]
[Round "9.43"]
[White "Miasik, Adrian"]
[Black "Twardowski, Hubert"]
[Result "1/2-1/2"]
[WhiteTitle "I++"]
[BlackTitle "I"]
[WhiteElo "1918"]
[BlackElo "1728"]

1. d4 Nf6 2. Nf3 c5 3. g3 cxd4 4. Nxd4 e5 5. Nf3 Nc6 6. Bg2 d5 7. O-O Be7 8. c4
dxc4 9. Qa4 O-O 10. Rd1 Qb6 11. Nc3 Bc5 12. e3 Bf5 13. Qxc4 Rad8 14. b3 Rxd1+
15. Nxd1 h6 16. Nc3 Qb4 17. Qxb4 Bxb4 18. Bb2 Rd8 19. Rd1 Rxd1+ 20. Nxd1 Nd7 21.
Nc3 Be6 22. Ne1 Bxc3 23. Bxc3 f6 24. Kf1 Kf8 25. Nd3 Ke7 26. Bb2 Bf5 27. Ba3+
Kf7 28. Ke2 Bg6 29. Bd5+ Ke8 30. Nc5 Nxc5 31. Bxc5 a6 32. Kd2 Bf5 33. Kc3 Bd7
34. b4 f5 35. a4 g6 36. Kc4 Bc8 37. b5 axb5+ 38. axb5 Nd8 39. Bd6 Nf7 40. Bxf7+
Kxf7 41. Bxe5 Ke6 42. Bg7 h5 43. Kc5 Bd7 44. h4 Be8 45. Bd4 Bd7 46. f3 Be8 47.
Kb6 Kd5 48. Kxb7 Bxb5 49. Kc7 Be2 50. Bf6 Bxf3 51. Bg5 Ke4 1/2-1/2

[Event "Druzynowe Mistrzostwa Polski Juniorow 2018 - II Liga"]
[Site "Szczyrk"]
[Date "1899-12-30"]
[Round "9.44"]
[White "Sulima, Franciszek"]
[Black "Ciasnocha, Michal"]
[Result "0-1"]
[WhiteTitle "II"]
[BlackTitle "I"]
[WhiteElo "1281"]
[BlackElo "1723"]

1. e4 e5 2. d4 exd4 3. Bc4 Nc6 4. Nf3 Bc5 5. c3 d3 6. b4 Bd6 7. O-O Nge7 8. Re1
Ng6 9. Ng5 Nce5 10. Bb3 h6 11. Nh3 O-O 12. f4 d2 13. Bxd2 Nc6 14. Qh5 Nh8 15.
Re3 Re8 16. Rg3 Bf8 17. f5 Rxe4 18. Bg5 Qe8 19. Bxh6 Rh4 20. Rxg7+ Bxg7 21. Qxh4
Bxh6 22. Na3 Qe3+ 23. Kh1 d5 24. Re1 Qd2 25. Re8+ Bf8 26. Qg3+ Ng6 27. fxg6 Bxh3
28. gxf7+ Kxf7 29. Rxf8+ Rxf8 30. gxh3 Qc1+ 31. Kg2 Ne7 32. Nb5 Rg8 0-1

[Event "Druzynowe Mistrzostwa Polski Juniorow 2018 - II Liga"]
[Site "Szczyrk"]
[Date "1899-12-30"]
[Round "9.45"]
[White "Babiarz, Arkadiusz"]
[Black "Trzebinski, Patryk"]
[Result "0-1"]
[WhiteTitle "I++"]
[BlackTitle "I"]
[WhiteElo "1810"]
[BlackElo "1779"]

1. e4 d5 2. exd5 Nf6 3. d4 Nxd5 4. c4 Nb6 5. Nc3 e5 6. dxe5 Qxd1+ 7. Kxd1 Nc6 8.
Nb5 Bg4+ 9. f3 O-O-O 10. Ke1 Be6 11. Be3 Nxc4 12. Bxc4 Bxc4 13. Nxa7+ Nxa7 14.
Bxa7 b6 15. Bxb6 cxb6 16. Rc1 Bb4+ 17. Kf2 Bc5+ 18. Kg3 Kb7 19. Rxc4 Rd1 20. Kg4
Bxg1 21. Rf4 Rf8 22. e6 f6 23. g3 Re8 24. Re4 Rd5 25. Re2 Bd4 26. Rhe1 f5+ 27.
Kh3 Bf6 28. b3 Kc6 29. g4 Kd6 30. Kg2 fxg4 31. fxg4 Bh4 32. Rc1 Rxe6 33. Rxe6+
Kxe6 34. Rc6+ Rd6 35. Rc7 Bf6 36. Kf3 b5 37. g5 Be5 38. Rb7 Rd5 39. h4 Bc3 40.
Ke3 b4 41. Rb6+ Ke5 42. Ra6 Kf5 43. a3 bxa3 44. Rxa3 Rb5 45. b4 Bxb4 46. Rd3 Ra5
47. Rd7 Bc3 48. Kf3 Ra3 49. Rf7+ Kg6 50. Rb7 Be1+ 51. Ke4 Bxh4 52. Rb6+ Kxg5 53.
Rb7 Kg6 54. Rb6+ Bf6 0-1

[Event "Druzynowe Mistrzostwa Polski Juniorow 2018 - II Liga"]
[Site "Szczyrk"]
[Date "1899-12-30"]
[Round "9.46"]
[White "Dembicki, Karol"]
[Black "Biesiadecki, Adam"]
[Result "1/2-1/2"]
[WhiteTitle "II"]
[BlackTitle "II"]
[WhiteElo "1457"]
[BlackElo "1415"]

1. e4 c5 2. Nf3 Nc6 3. d4 cxd4 4. Nxd4 d6 5. Nc3 g6 6. Bc4 Bg7 7. Nxc6 bxc6 8.
Bg5 Nf6 9. Qd2 O-O 10. O-O-O Rb8 11. e5 Ne8 12. exd6 Nxd6 13. Bxe7 Qxe7 14. Qxd6
Qb7 15. Qa3 Bf5 16. Rhe1 Qc7 17. g3 Qb6 18. f4 h6 19. Re7 Qf2 20. Re2 Qb6 21.
Rde1 Bf6 22. Rg2 h5 23. Rd2 Rb7 24. Rd6 Qf2 25. Re2 Qg1+ 26. Kd2 Bd4 27. Rxc6
Rd8 28. Rd6 Rxd6 29. Qxd6 Rd7 30. Qb8+ Kg7 31. Bd3 Bg4 32. Re1 Qf2+ 33. Ne2 Re7
34. Qb4 Bxe2 35. Rxe2 Rxe2+ 36. Bxe2 Qe3+ 37. Kd1 Qg1+ 38. Qe1 Qxh2 39. b3 Bf2
40. Qc3+ Kf8 41. Qh8+ Ke7 42. Qe5+ Kf8 43. Qh8+ 1/2-1/2

[Event "Druzynowe Mistrzostwa Polski Juniorow 2018 - II Liga"]
[Site "Szczyrk"]
[Date "1899-12-30"]
[Round "9.47"]
[White "Polak, Sylwia"]
[Black "Filipska, Maja"]
[Result "0-1"]
[WhiteTitle "I"]
[BlackTitle "I++"]
[WhiteElo "1519"]
[BlackElo "1569"]

1. d4 Nf6 2. c4 e5 3. d5 Bb4+ 4. Bd2 Bxd2+ 5. Nxd2 O-O 6. e4 d6 7. Ngf3 Nbd7 8.
Qc2 a5 9. Be2 Nc5 10. O-O Ne8 11. a3 f5 12. b4 Nxe4 13. Nxe4 fxe4 14. Qxe4 Bf5
15. Qe3 Nf6 16. Rac1 axb4 17. axb4 Ra2 18. Bd1 Ng4 19. Qb3 Qa8 20. h3 Nh6 21.
Kh2 Ra3 22. Qb2 Bd3 23. Rg1 e4 24. Nd4 Ra2 25. Qc3 Rfxf2 26. Bb3 Ra3 27. Nb5 Qf8
0-1